| 000 | 00785nam a2200253Ia 4500 | ||
|---|---|---|---|
| 003 | GCL | ||
| 008 | 140319s9999 xx 000 0 ara d | ||
| 040 |
_aGCL / _cGCL |
||
| 082 | 0 | 4 |
_a133 _bع س |
| 100 | 1 | _aعبدالرحمن عيسوى | |
| 245 | 1 | 0 |
_aسيكولوجية الخرافه والتفكير العلمى: مع دراسة ميدانية مقارنة على الشباب المصرى والعربى / _cعبدالرحمن عيسوى |
| 300 | _a275 | ||
| 490 |
_a100 قصة _v0 |
||
| 650 | 0 | 4 | _aالعصر الحديث |
| 650 | 0 | 4 | _aمصر |
| 650 | 0 | 4 | _aالسحر |
| 650 | 0 | 4 | _aعلم النفس |
| 650 | 0 | 4 | _aلبنان |
| 650 | 0 | 4 | _aالتفكير |
| 650 | 0 | 4 | _aالخرافات |
| 650 | 0 | 4 | _aالابتكار |
| 650 | 0 | 4 | _aالابداع |
| 942 |
_2ddc _cBK |
||
| 999 |
_c43547 _d43547 |
||